| 000 | 01683cam a22004214a 4500 | ||
|---|---|---|---|
| 001 | muse61287 | ||
| 003 | MdBmJHUP | ||
| 005 | 20210127151204.0 | ||
| 006 | m o d | ||
| 007 | cr||||||||nn|n | ||
| 008 | 161230s2017 hiu o 00 0 eng d | ||
| 010 | _z 2016059836 | ||
| 020 | _a9780824878344 | ||
| 020 | _z9780824866655 | ||
| 035 | _a(OCoLC)1007823156 | ||
| 040 |
_aMdBmJHUP _cMdBmJHUP |
||
| 043 | _aa-ko--- | ||
| 050 | 0 | 4 |
_aML3752.5 _b.M35 2017 |
| 082 | 0 |
_a782.42/162957 _223 |
|
| 100 | 1 |
_aMaliangkay, Roald, _eauthor. |
|
| 245 | 1 | 0 |
_aBroken Voices _bPostcolonial Entanglements and the Preservation of Korea's Central Folksong Traditions / _cRoald Maliangkay. |
| 264 | 1 | _bUniversity of Hawaiʻi Press, | |
| 264 | 3 | _bProject MUSE, | |
| 300 | _a1 online resource (pages cm) | ||
| 504 | _aIncludes bibliographical references and index. | ||
| 505 | 0 | _aColonial foundations of Korean cultural policy -- Defining Korean folksongs : characteristics and terminology -- Masculinity in demise : sŏnsori sant'aryŏng and kyŏnggi minyo -- Embodying nostalgia : sŏdo sori. | |
| 506 | 0 |
_aOpen Access _fUnrestricted online access _2star |
|
| 588 | _aDescription based on print version record. | ||
| 650 | 0 |
_aFolk songs, Korean _y20th century _xHistory and criticism. |
|
| 655 | 7 |
_aElectronic books. _2local |
|
| 710 | 2 |
_aProject Muse. _edistributor |
|
| 830 | 0 | _aBook collections on Project MUSE. | |
| 856 | 4 | 0 |
_zFull text available: _uhttps://muse.jhu.edu/book/61286/ |
| 999 |
_c24943 _d24943 |
||